[Event "DVM U20 2019"]
[Site "Braunschweig GER"]
[Date "2019.12.29"]
[Round "6"]
[White "Poghosyan, Tigran"]
[Black "Meiwes, Thore"]
[Result "1-0"]
[Termination "normal"]
[Board "4.2"]
[WhiteElo "2109"]
[BlackElo "2106"]
[WhiteClock "01:13:07"]
[BlackClock "00:41:08"]
[WhiteTeam "Lübecker SV"]
[BlackTeam "SK Lehrte"]
[PlyCount "49"]
[WhiteFideId "12909319"]
[BlackFideId "16201256"]
[EventCountry "GER"]
[EventRounds "7"]
[EventType "team-swiss"]
[EventDate "2019.12.26"]

1. e4 {[%clk 1:30:59]} c5 {[%clk 1:30:55]} 2. Nf3 {[%clk 1:31:25]} Nc6 {[%clk
1:31:19]} 3. b3 {[%clk 1:29:11]} d6 {[%clk 1:31:20]} 4. Bb2 {[%clk 1:29:21]} e5
{[%clk 1:31:44]} 5. Be2 {[%clk 1:28:18]} Nf6 {[%clk 1:31:59]} 6. d3 {[%clk
1:28:27]} Be7 {[%clk 1:32:18]} 7. O-O {[%clk 1:28:52]} O-O {[%clk 1:32:45]} 8.
Nbd2 {[%clk 1:28:59]} b6 {[%clk 1:28:35]} 9. Nc4 {[%clk 1:28:05]} Re8 {[%clk
1:24:33]} 10. Ne3 {[%clk 1:27:22]} Bf8 {[%clk 1:21:16]} 11. c4 {[%clk 1:24:41]}
g6 {[%clk 1:19:05]} 12. Nd5 {[%clk 1:24:43]} Bg7 {[%clk 1:18:10]} 13. Nd2
{[%clk 1:24:33]} Nxd5 {[%clk 1:13:25]} 14. cxd5 {[%clk 1:23:36]} Ne7 {[%clk
1:11:21]} 15. a4 {[%clk 1:21:05]} f5 {[%clk 1:11:05]} 16. f4 {[%clk 1:20:57]}
exf4 {[%clk 1:05:59]} 17. Bxg7 {[%clk 1:16:37]} Kxg7 {[%clk 1:06:26]} 18. Rxf4
{[%clk 1:16:33]} fxe4 {[%clk 1:02:17]} 19. dxe4 {[%clk 1:16:52]} Ng8 {[%clk
1:00:25]} 20. Qc2 {[%clk 1:15:35]} Qg5 {[%clk 0:54:32]} 21. Raf1 {[%clk
1:13:57]} Re7 {[%clk 0:48:07]} 22. Nc4 {[%clk 1:13:14]} h5 {[%clk 0:41:27]} 23.
Qc3+ {[%clk 1:12:50]} Kh6 {[%clk 0:41:46]} 24. h4 {[%clk 1:13:07]} Qg3 {[%clk
0:41:08]} 25. Qxg3 1-0

[Event "DVM U20 2019"]
[Site "Braunschweig GER"]
[Date "2019.12.29"]
[Round "6"]
[White "Reimer, Philip"]
[Black "Tiedemann, Fin Niklas"]
[Result "1-0"]
[Termination "normal"]
[Board "4.3"]
[WhiteElo "2065"]
[BlackElo "1936"]
[WhiteClock "00:07:34"]
[BlackClock "00:22:55"]
[WhiteTeam "SK Lehrte"]
[BlackTeam "Lübecker SV"]
[PlyCount "85"]
[WhiteFideId "16235860"]
[BlackFideId "12936936"]
[EventCountry "GER"]
[EventRounds "7"]
[EventType "team-swiss"]
[EventDate "2019.12.26"]

1. e4 {[%clk 1:30:57]} e5 {[%clk 1:30:50]} 2. Nf3 {[%clk 1:31:23]} Nc6 {[%clk
1:31:16]} 3. Bc4 {[%clk 1:31:50]} Bc5 {[%clk 1:30:35]} 4. b4 {[%clk 1:32:15]}
Bxb4 {[%clk 1:31:01]} 5. c3 {[%clk 1:32:42]} Ba5 {[%clk 1:28:47]} 6. d4 {[%clk
1:33:07]} exd4 {[%clk 1:29:14]} 7. O-O {[%clk 1:33:33]} d6 {[%clk 1:17:13]} 8.
Qb3 {[%clk 1:31:18]} Qe7 {[%clk 1:16:43]} 9. e5 {[%clk 1:29:01]} dxe5 {[%clk
1:14:14]} 10. Ba3 {[%clk 1:29:24]} Qf6 {[%clk 1:12:01]} 11. Nbd2 {[%clk
1:10:14]} Bf5 {[%clk 1:05:42]} 12. cxd4 {[%clk 0:50:26]} O-O-O {[%clk 1:03:20]}
13. dxe5 {[%clk 0:39:46]} Nxe5 {[%clk 1:02:39]} 14. Nxe5 {[%clk 0:37:43]} Qxe5
{[%clk 1:01:28]} 15. Bb2 {[%clk 0:35:58]} Qf4 {[%clk 0:58:26]} 16. Bxg7 {[%clk
0:33:25]} Rxd2 {[%clk 0:57:48]} 17. Bxh8 {[%clk 0:32:21]} Nh6 {[%clk 0:52:20]}
18. Qa4 {[%clk 0:27:25]} Bd7 {[%clk 0:45:59]} 19. Qxa5 {[%clk 0:26:50]} Ng4
{[%clk 0:46:25]} 20. g3 {[%clk 0:15:32]} Qf3 {[%clk 0:46:04]} 21. Rac1 Ne3
{[%clk 0:22:46]} 22. Qxc7+ {[%clk 0:05:22]} Kxc7 {[%clk 0:23:13]} 23. Bd5+
{[%clk 0:05:35]} Bc6 {[%clk 0:23:23]} 24. Bxf3 {[%clk 0:05:59]} Nxf1 {[%clk
0:23:48]} 25. Kxf1 {[%clk 0:06:09]} Rxa2 {[%clk 0:24:13]} 26. Bxc6 {[%clk
0:06:17]} bxc6 {[%clk 0:24:35]} 27. Ra1 {[%clk 0:06:31]} Rxa1+ {[%clk 0:24:12]}
28. Bxa1 Kd6 {[%clk 0:24:02]} 29. Ke2 {[%clk 0:06:44]} Kd5 {[%clk 0:24:18]} 30.
Kd3 {[%clk 0:06:46]} c5 {[%clk 0:22:46]} 31. Bc3 {[%clk 0:06:26]} a6 32. g4 c4+
{[%clk 0:22:46]} 33. Ke3 {[%clk 0:06:27]} Kc5 {[%clk 0:23:03]} 34. Ke4 {[%clk
0:06:38]} Kb5 {[%clk 0:21:43]} 35. Kd5 {[%clk 0:07:00]} a5 {[%clk 0:21:37]} 36.
Bxa5 {[%clk 0:06:26]} Kxa5 {[%clk 0:22:02]} 37. Kxc4 {[%clk 0:06:53]} Kb6
{[%clk 0:22:20]} 38. Kd5 {[%clk 0:07:15]} Kc7 {[%clk 0:22:32]} 39. Ke5 {[%clk
0:07:16]} Kd7 {[%clk 0:22:25]} 40. Kf6 {[%clk 0:07:26]} Ke8 {[%clk 0:22:51]}
41. Kg7 {[%clk 0:07:14]} Ke7 {[%clk 0:22:35]} 42. Kxh7 {[%clk 0:07:16]} Kf6
{[%clk 0:22:55]} 43. h4 {[%clk 0:07:34]} 1-0

[Event "DVM U20 2019"]
[Site "Braunschweig GER"]
[Date "2019.12.29"]
[Round "6"]
[White "Dörp, Max Marian"]
[Black "Dornieden, Jonas"]
[Result "1/2-1/2"]
[Termination "normal"]
[Board "4.4"]
[WhiteElo "1767"]
[BlackElo "1912"]
[WhiteClock "00:01:10"]
[BlackClock "00:02:20"]
[WhiteTeam "Lübecker SV"]
[BlackTeam "SK Lehrte"]
[PlyCount "118"]
[WhiteFideId "12983551"]
[BlackFideId "1336460"]
[EventCountry "GER"]
[EventRounds "7"]
[EventType "team-swiss"]
[EventDate "2019.12.26"]

1. Nf3 d5 2. c4 c6 3. b3 Nf6 4. Bb2 Bf5 {[%clk 8:15:51]} 5. d3 {[%clk 1:28:15]}
h6 {[%clk 8:15:51]} 6. g3 {[%clk 1:28:15]} e6 {[%clk 8:15:51]} 7. Bg2 {[%clk
1:28:15]} Bb4+ {[%clk 8:15:51]} 8. Nbd2 {[%clk 1:28:15]} O-O {[%clk 8:15:51]}
9. O-O {[%clk 1:28:15]} Nbd7 {[%clk 8:15:51]} 10. a3 {[%clk 1:25:19]} Bd6
{[%clk 1:25:08]} 11. Re1 {[%clk 1:09:08]} Bh7 {[%clk 1:19:58]} 12. e4 {[%clk
1:06:08]} dxe4 {[%clk 1:18:33]} 13. Nxe4 {[%clk 1:05:46]} Be7 {[%clk 1:15:06]}
14. b4 {[%clk 0:59:22]} Nb6 {[%clk 0:53:48]} 15. Qb3 {[%clk 0:55:14]} Nxe4
{[%clk 0:44:26]} 16. dxe4 {[%clk 0:55:23]} c5 {[%clk 0:40:21]} 17. Rad1 {[%clk
0:53:50]} Qc8 {[%clk 0:39:46]} 18. b5 {[%clk 0:47:43]} Rd8 {[%clk 0:38:57]} 19.
Rxd8+ {[%clk 0:36:31]} Qxd8 {[%clk 0:38:44]} 20. Rd1 {[%clk 0:30:00]} Qf8
{[%clk 0:37:20]} 21. e5 {[%clk 0:25:37]} Rd8 {[%clk 0:36:08]} 22. Rxd8 Qxd8
{[%clk 0:33:07]} 23. Ne1 {[%clk 0:15:07]} Qd2 {[%clk 0:28:15]} 24. Bc3 {[%clk
0:12:30]} Qe2 {[%clk 0:23:44]} 25. Bf1 {[%clk 0:11:37]} Qe4 {[%clk 0:18:34]}
26. a4 Qb1 27. Qxb1 {[%clk 0:08:45]} Bxb1 {[%clk 0:17:11]} 28. a5 {[%clk
0:08:30]} Nd7 29. Bd3 {[%clk 0:06:09]} Bxd3 {[%clk 0:14:53]} 30. Nxd3 {[%clk
0:06:32]} b6 {[%clk 0:10:09]} 31. a6 {[%clk 0:06:13]} f6 {[%clk 0:09:20]} 32.
Kg2 {[%clk 0:04:23]} Kf7 {[%clk 0:08:29]} 33. f4 {[%clk 0:03:29]} Bd8 {[%clk
0:06:18]} 34. Kf3 {[%clk 0:02:20]} f5 {[%clk 0:02:15]} 35. g4 {[%clk 0:01:45]}
g6 {[%clk 0:01:18]} 36. Be1 {[%clk 0:01:26]} Be7 {[%clk 0:01:18]} 37. Bf2
{[%clk 0:01:25]} Bd8 {[%clk 0:01:18]} 38. Ne1 {[%clk 0:01:25]} Be7 {[%clk
0:01:05]} 39. Nc2 {[%clk 0:23:19]} Bd8 {[%clk 0:07:52]} 40. Ne3 {[%clk
0:22:25]} Be7 {[%clk 0:06:27]} 41. Nf1 {[%clk 0:19:03]} g5 {[%clk 0:02:33]} 42.
gxf5 {[%clk 0:17:51]} exf5 {[%clk 0:02:42]} 43. Ne3 {[%clk 0:11:16]} Ke6 {[%clk
0:02:05]} 44. Nd5 {[%clk 0:07:54]} Bd8 {[%clk 0:01:34]} 45. Bg3 {[%clk
0:00:52]} gxf4 {[%clk 0:01:15]} 46. Nxf4+ {[%clk 0:00:51]} Kxe5 {[%clk
0:01:19]} 47. Ne2+ {[%clk 0:00:58]} Ke6 {[%clk 0:00:42]} 48. Nf4+ {[%clk
0:00:45]} Kf7 {[%clk 0:01:05]} 49. Nd3 {[%clk 0:00:44]} Bf6 {[%clk 0:01:12]}
50. Bf4 {[%clk 0:00:45]} Bg5 {[%clk 0:00:42]} 51. Ne5+ {[%clk 0:00:46]} Ke6
{[%clk 0:00:43]} 52. Nxd7 {[%clk 0:00:38]} Kxd7 {[%clk 0:00:52]} 53. Bb8 {[%clk
0:00:48]} Kc8 {[%clk 0:01:16]} 54. Bxa7 {[%clk 0:00:53]} Kc7 {[%clk 0:01:39]}
55. h3 {[%clk 0:01:02]} Bd2 {[%clk 0:01:47]} 56. Ke2 {[%clk 0:00:54]} Bg5
{[%clk 0:01:57]} 57. Kf3 {[%clk 0:01:10]} Bd2 {[%clk 0:02:20]} 58. Ke2 Bg5
{[%clk 0:02:20]} 59. Kf3 Bd2 {[%clk 0:02:20]} 1/2-1/2

[Event "DVM U20 2019"]
[Site "Braunschweig GER"]
[Date "2019.12.29"]
[Round "6"]
[White "Thomsen, Phil"]
[Black "Wendler, David"]
[Result "1-0"]
[Termination "normal"]
[Board "7.1"]
[WhiteElo "2147"]
[BlackElo "2204"]
[WhiteClock "00:13:58"]
[BlackClock "00:35:21"]
[WhiteTeam "Sges Bensheim 1931"]
[BlackTeam "SK Bebenhausen 1992"]
[PlyCount "119"]
[WhiteFideId "12955736"]
[BlackFideId "12938360"]
[EventCountry "GER"]
[EventRounds "7"]
[EventType "team-swiss"]
[EventDate "2019.12.26"]

1. e4 {[%clk 1:30:47]} c5 {[%clk 1:30:42]} 2. Nf3 {[%clk 1:31:12]} Nc6 {[%clk
1:31:05]} 3. d4 {[%clk 1:31:40]} cxd4 {[%clk 1:31:30]} 4. Nxd4 {[%clk 1:32:05]}
g6 {[%clk 1:31:56]} 5. Be3 {[%clk 1:32:12]} Nf6 {[%clk 1:32:06]} 6. Nc3 {[%clk
1:32:32]} Bg7 {[%clk 1:32:29]} 7. Bc4 {[%clk 1:32:55]} O-O {[%clk 1:32:46]} 8.
Bb3 {[%clk 1:33:21]} d6 {[%clk 1:33:07]} 9. f3 {[%clk 1:33:47]} Bd7 {[%clk
1:33:24]} 10. h4 {[%clk 1:33:51]} h5 {[%clk 1:33:50]} 11. Qd2 {[%clk 1:34:16]}
Rc8 {[%clk 1:34:10]} 12. O-O-O {[%clk 1:33:32]} Ne5 {[%clk 1:34:15]} 13. Bg5
{[%clk 1:30:35]} Rc5 {[%clk 1:34:35]} 14. Kb1 {[%clk 1:29:29]} b5 {[%clk
1:34:54]} 15. Nd5 {[%clk 1:08:43]} Nxd5 {[%clk 1:24:24]} 16. Bxd5 {[%clk
1:05:58]} Nc4 {[%clk 1:14:07]} 17. Qf2 {[%clk 1:01:51]} Nb6 {[%clk 1:04:05]}
18. Nb3 {[%clk 0:52:16]} Rc7 {[%clk 1:01:16]} 19. g4 {[%clk 0:47:08]} Nxd5
{[%clk 1:00:02]} 20. Rxd5 {[%clk 0:46:25]} f6 {[%clk 0:50:49]} 21. Be3 {[%clk
0:42:05]} Bc6 {[%clk 0:49:39]} 22. Rdd1 {[%clk 0:35:53]} hxg4 {[%clk 0:48:12]}
23. h5 {[%clk 0:35:50]} gxh5 {[%clk 0:40:55]} 24. Nd4 {[%clk 0:31:57]} Bd7
{[%clk 0:39:07]} 25. Rxh5 {[%clk 0:27:50]} e5 {[%clk 0:38:42]} 26. Nf5 {[%clk
0:27:24]} Bxf5 {[%clk 0:38:49]} 27. exf5 {[%clk 0:25:43]} gxf3 {[%clk 0:36:48]}
28. Qxf3 {[%clk 0:21:15]} Qa8 {[%clk 0:37:00]} 29. Qg4 {[%clk 0:17:27]} Rc4
{[%clk 0:30:47]} 30. Qg6 {[%clk 0:14:37]} Qe8 {[%clk 0:30:57]} 31. Qxg7+ {[%clk
0:14:36]} Kxg7 {[%clk 0:31:18]} 32. Rg1+ {[%clk 0:15:02]} Qg6 {[%clk 0:31:19]}
33. Rxg6+ {[%clk 0:15:19]} Kf7 {[%clk 0:31:45]} 34. Rh7+ {[%clk 0:15:26]} Ke8
{[%clk 0:32:09]} 35. b3 {[%clk 0:14:22]} Re4 {[%clk 0:31:52]} 36. Bxa7 {[%clk
0:14:04]} Rf7 {[%clk 0:31:11]} 37. Rg8+ {[%clk 0:14:17]} Ke7 {[%clk 0:31:33]}
38. Rgg7 {[%clk 0:13:46]} Rxg7 {[%clk 0:31:46]} 39. Rxg7+ {[%clk 0:14:11]} Kf8
{[%clk 0:32:01]} 40. Rd7 {[%clk 0:14:24]} Rf4 {[%clk 0:32:20]} 41. Rxd6 {[%clk
0:13:48]} Rxf5 {[%clk 0:32:42]} 42. Rd5 {[%clk 0:14:10]} Rf1+ {[%clk 0:32:45]}
43. Kb2 {[%clk 0:14:35]} e4 {[%clk 0:32:41]} 44. Rxb5 {[%clk 0:14:17]} f5
{[%clk 0:32:59]} 45. Re5 {[%clk 0:14:16]} Kf7 {[%clk 0:32:58]} 46. a4 {[%clk
0:14:38]} Kg6 {[%clk 0:32:50]} 47. a5 {[%clk 0:14:53]} Rd1 {[%clk 0:33:13]} 48.
Be3 {[%clk 0:13:44]} Kf6 {[%clk 0:33:24]} 49. Bf4 {[%clk 0:13:17]} Rf1 {[%clk
0:33:07]} 50. a6 {[%clk 0:13:07]} Rxf4 {[%clk 0:33:32]} 51. Re8 {[%clk
0:13:12]} Kf7 {[%clk 0:33:20]} 52. Rh8 {[%clk 0:10:53]} e3 {[%clk 0:33:11]} 53.
a7 {[%clk 0:11:15]} e2 {[%clk 0:33:35]} 54. a8=Q {[%clk 0:11:33]} e1=Q {[%clk
0:33:41]} 55. Qf8+ {[%clk 0:11:53]} Kg6 {[%clk 0:33:55]} 56. Qh6+ {[%clk
0:12:17]} Kf7 {[%clk 0:34:19]} 57. Rf8+ {[%clk 0:12:42]} Ke7 {[%clk 0:34:41]}
58. Qf6+ {[%clk 0:13:08]} Kd7 {[%clk 0:35:04]} 59. Rd8+ {[%clk 0:13:33]} Kc7
{[%clk 0:35:21]} 60. Qd6+ {[%clk 0:13:58]} 1-0

[Event "DVM U20 2019"]
[Site "Braunschweig GER"]
[Date "2019.12.29"]
[Round "6"]
[White "Hennemann, Florian"]
[Black "Grimm, Ling Leander"]
[Result "1-0"]
[Termination "normal"]
[Board "7.3"]
[WhiteElo "1865"]
[BlackElo "1777"]
[WhiteClock "00:28:40"]
[BlackClock "00:38:39"]
[WhiteTeam "Sges Bensheim 1931"]
[BlackTeam "SK Bebenhausen 1992"]
[PlyCount "94"]
[WhiteFideId "16272692"]
[BlackFideId "12968277"]
[EventCountry "GER"]
[EventRounds "7"]
[EventType "team-swiss"]
[EventDate "2019.12.26"]

1. e4 {[%clk 1:30:59]} c5 {[%clk 1:30:37]} 2. Nf3 {[%clk 1:31:22]} Nc6 {[%clk
1:30:49]} 3. d4 {[%clk 1:31:49]} cxd4 {[%clk 1:31:10]} 4. Nxd4 {[%clk 1:32:14]}
g6 {[%clk 1:31:15]} 5. Be3 {[%clk 1:32:22]} Nf6 {[%clk 1:31:21]} 6. Nc3 {[%clk
1:32:44]} Bg7 {[%clk 1:31:41]} 7. Bc4 {[%clk 1:32:58]} O-O {[%clk 1:32:01]} 8.
Bb3 {[%clk 1:33:03]} a5 {[%clk 1:32:17]} 9. f3 {[%clk 1:30:24]} d5 {[%clk
1:32:24]} 10. Bxd5 {[%clk 1:20:58]} Nxd5 {[%clk 1:30:30]} 11. exd5 {[%clk
1:20:56]} Nb4 {[%clk 1:30:47]} 12. Nde2 {[%clk 1:12:57]} Bf5 {[%clk 1:30:27]}
13. Rc1 {[%clk 1:12:14]} b5 {[%clk 1:23:10]} 14. a3 {[%clk 1:08:53]} Nxc2+
{[%clk 1:21:22]} 15. Rxc2 {[%clk 1:09:09]} Bxc2 {[%clk 1:21:39]} 16. Qxc2
{[%clk 1:09:35]} b4 {[%clk 1:21:11]} 17. Nb5 {[%clk 0:59:38]} Rc8 {[%clk
1:11:46]} 18. Qd2 {[%clk 0:57:39]} Qd7 {[%clk 1:10:27]} 19. a4 {[%clk 0:54:08]}
Qf5 {[%clk 1:09:54]} 20. O-O {[%clk 0:42:38]} Rfd8 {[%clk 0:59:28]} 21. d6
{[%clk 0:40:38]} Be5 {[%clk 0:54:01]} 22. Ned4 {[%clk 0:32:11]} Qh5 {[%clk
0:50:24]} 23. g4 {[%clk 0:23:54]} Qh3 {[%clk 0:47:31]} 24. dxe7 {[%clk
0:24:15]} Re8 {[%clk 0:44:33]} 25. Bg5 {[%clk 0:22:23]} f6 {[%clk 0:39:48]} 26.
Bf4 {[%clk 0:18:56]} Rxe7 {[%clk 0:39:08]} 27. Bxe5 {[%clk 0:17:38]} Rxe5
{[%clk 0:32:24]} 28. Nc6 {[%clk 0:15:23]} Rxc6 {[%clk 0:27:08]} 29. Qd8+ {[%clk
0:15:46]} Kg7 {[%clk 0:27:32]} 30. Qd7+ {[%clk 0:16:10]} Kh6 {[%clk 0:27:54]}
31. Qxc6 {[%clk 0:15:44]} Re2 {[%clk 0:28:08]} 32. Qc1+ {[%clk 0:15:25]} g5
{[%clk 0:27:17]} 33. Rf2 {[%clk 0:15:46]} Rxf2 {[%clk 0:26:30]} 34. Kxf2 {[%clk
0:16:15]} Qxh2+ {[%clk 0:26:40]} 35. Ke1 {[%clk 0:16:42]} Qh1+ {[%clk 0:26:34]}
36. Kd2 {[%clk 0:16:59]} Qxf3 {[%clk 0:26:50]} 37. Qg1 {[%clk 0:15:03]} Qf4+
{[%clk 0:22:47]} 38. Kd3 {[%clk 0:10:11]} Qf3+ {[%clk 0:22:17]} 39. Kd4 {[%clk
0:07:19]} Qb3 {[%clk 0:20:52]} 40. Kc5 {[%clk 0:02:22]} Qxb2 {[%clk 0:14:37]}
41. Nd4 {[%clk 0:01:31]} Qc3+ {[%clk 0:10:41]} 42. Kb5 {[%clk 0:01:50]} Qd3+
{[%clk 0:09:46]} 43. Kxa5 {[%clk 0:02:00]} b3 {[%clk 0:09:46]} 44. Qh2+ {[%clk
0:28:59]} Kg6 {[%clk 0:39:31]} 45. Qh5+ {[%clk 0:27:55]} Kg7 {[%clk 0:38:28]}
46. Ne6+ {[%clk 0:28:17]} Kg8 {[%clk 0:38:39]} 47. Qe8# {[%clk 0:28:40]} Kf8
1-0

[Event "DVM U20 2019"]
[Site "Braunschweig GER"]
[Date "2019.12.29"]
[Round "6"]
[White "Ortner, Jonas Ruben"]
[Black "Kaiser, Frederic"]
[Result "1-0"]
[Termination "normal"]
[Board "7.4"]
[WhiteElo "1718"]
[BlackElo "1901"]
[WhiteClock "00:16:14"]
[BlackClock "00:13:39"]
[WhiteTeam "SK Bebenhausen 1992"]
[BlackTeam "Sges Bensheim 1931"]
[PlyCount "49"]
[WhiteFideId "16235118"]
[BlackFideId "16240618"]
[EventCountry "GER"]
[EventRounds "7"]
[EventType "team-swiss"]
[EventDate "2019.12.26"]

1. e4 {[%clk 1:30:57]} e6 {[%clk 1:30:54]} 2. d4 {[%clk 1:31:04]} d5 {[%clk
1:31:20]} 3. Nc3 {[%clk 1:31:28]} Nf6 {[%clk 1:31:38]} 4. Bg5 {[%clk 1:31:51]}
Bb4 {[%clk 1:31:59]} 5. e5 {[%clk 1:31:23]} h6 {[%clk 1:32:24]} 6. Bd2 {[%clk
1:31:39]} Bxc3 {[%clk 1:32:48]} 7. bxc3 {[%clk 1:32:03]} Ne4 {[%clk 1:33:13]}
8. Qg4 {[%clk 1:32:27]} Kf8 {[%clk 1:33:31]} 9. Qf4 {[%clk 1:32:21]} Nxd2
{[%clk 1:31:16]} 10. Qxd2 {[%clk 1:32:38]} c5 {[%clk 1:31:32]} 11. Nf3 {[%clk
1:26:09]} Nc6 {[%clk 1:25:54]} 12. Bd3 {[%clk 1:18:22]} Qa5 {[%clk 1:09:55]}
13. dxc5 {[%clk 1:17:56]} Qxc5 {[%clk 0:59:33]} 14. O-O {[%clk 1:04:37]} Bd7
{[%clk 0:57:28]} 15. Rab1 {[%clk 0:51:27]} Na5 {[%clk 0:50:05]} 16. Nd4 {[%clk
0:39:09]} Rc8 {[%clk 0:45:50]} 17. Nb5 {[%clk 0:30:55]} Bxb5 {[%clk 0:24:46]}
18. Rxb5 {[%clk 0:31:19]} Qc7 {[%clk 0:25:12]} 19. Qf4 {[%clk 0:28:08]} b6
{[%clk 0:23:30]} 20. Qg3 {[%clk 0:24:16]} Qxc3 {[%clk 0:20:37]} 21. f4 {[%clk
0:23:53]} Qd4+ {[%clk 0:20:58]} 22. Kh1 {[%clk 0:23:53]} g6 {[%clk 0:20:10]}
23. Bxg6 {[%clk 0:18:01]} Rc3 {[%clk 0:16:31]} 24. Qh4 {[%clk 0:17:40]} Nc6
{[%clk 0:13:39]} 25. Qf6 {[%clk 0:16:14]} 1-0

[Event "DVM U20 2019"]
[Site "Braunschweig GER"]
[Date "2019.12.29"]
[Round "6"]
[White "Simrock, Manuel"]
[Black "Rösler, Hannah Clara Hed"]
[Result "0-1"]
[Termination "normal"]
[Board "7.5"]
[WhiteElo "1211"]
[BlackElo "1695"]
[WhiteClock "00:39:40"]
[BlackClock "00:27:22"]
[WhiteTeam "Sges Bensheim 1931"]
[BlackTeam "SK Bebenhausen 1992"]
[PlyCount "84"]
[WhiteFideId "16274814"]
[BlackFideId "12983500"]
[EventCountry "GER"]
[EventRounds "7"]
[EventType "team-swiss"]
[EventDate "2019.12.26"]

1. e4 c5 {[%clk 1:30:50]} 2. Nf3 {[%clk 1:31:25]} g6 {[%clk 1:31:08]} 3. d4
{[%clk 1:31:48]} cxd4 {[%clk 1:31:33]} 4. Nxd4 {[%clk 1:32:14]} Nc6 {[%clk
1:31:54]} 5. Nc3 {[%clk 1:32:37]} Bg7 {[%clk 1:32:14]} 6. Be3 {[%clk 1:33:02]}
Nf6 {[%clk 1:32:32]} 7. Be2 {[%clk 1:32:55]} O-O {[%clk 1:32:29]} 8. Qd2 {[%clk
1:32:19]} d5 {[%clk 1:28:13]} 9. exd5 {[%clk 1:31:11]} Nb4 {[%clk 1:27:16]} 10.
Rd1 {[%clk 1:29:08]} Nbxd5 {[%clk 1:24:22]} 11. Nxd5 Nxd5 {[%clk 1:24:00]} 12.
Bh6 {[%clk 1:29:19]} Qb6 {[%clk 1:15:32]} 13. Bxg7 {[%clk 1:27:50]} Kxg7 {[%clk
1:15:08]} 14. c4 {[%clk 1:13:34]} Nf6 {[%clk 1:13:38]} 15. O-O {[%clk 1:11:35]}
Bd7 {[%clk 1:05:57]} 16. Qc3 {[%clk 1:09:12]} Rfe8 {[%clk 1:03:32]} 17. Nc2
{[%clk 1:06:48]} Bc6 {[%clk 0:59:58]} 18. b4 {[%clk 1:04:27]} e5 {[%clk
0:54:58]} 19. Kh1 {[%clk 1:02:00]} Ba4 {[%clk 0:47:59]} 20. f3 {[%clk 0:50:30]}
Bxc2 {[%clk 0:45:10]} 21. Qxc2 {[%clk 0:50:49]} Qxb4 {[%clk 0:44:32]} 22. Rb1
{[%clk 0:51:09]} Qe7 {[%clk 0:44:49]} 23. Qb3 {[%clk 0:48:26]} b6 {[%clk
0:43:09]} 24. Rfd1 {[%clk 0:45:56]} Red8 {[%clk 0:42:11]} 25. Qe3 {[%clk
0:41:19]} Nh5 {[%clk 0:37:06]} 26. Rb5 {[%clk 0:38:45]} Rxd1+ {[%clk 0:34:50]}
27. Bxd1 {[%clk 0:38:56]} Re8 {[%clk 0:29:24]} 28. Bb3 {[%clk 0:34:13]} Nf6
{[%clk 0:27:50]} 29. c5 {[%clk 0:34:02]} Qd7 {[%clk 0:24:52]} 30. a4 {[%clk
0:31:51]} Qd4 {[%clk 0:23:09]} 31. Qxd4 {[%clk 0:29:35]} exd4 {[%clk 0:23:34]}
32. Kg1 {[%clk 0:30:00]} bxc5 {[%clk 0:21:31]} 33. Rxc5 {[%clk 0:30:19]} Re7
{[%clk 0:21:35]} 34. Kf2 {[%clk 0:29:58]} Rd7 {[%clk 0:15:28]} 35. Ke2 {[%clk
0:28:13]} Nh5 {[%clk 0:14:51]} 36. g3 {[%clk 0:26:49]} Kf6 {[%clk 0:14:53]} 37.
Kd3 {[%clk 0:27:01]} Ng7 {[%clk 0:10:14]} 38. Ke4 {[%clk 0:14:31]} Ne6 {[%clk
0:08:33]} 39. Rd5 {[%clk 0:13:55]} Rb7 {[%clk 0:07:23]} 40. Bc4 {[%clk
0:13:52]} Rb4 {[%clk 0:06:12]} 41. Bb5 {[%clk 0:13:37]} Rb3 {[%clk 0:27:22]}
42. h4 {[%clk 0:39:40]} Re3# 0-1

[Event "DVM U20 2019"]
[Site "Braunschweig GER"]
[Date "2019.12.29"]
[Round "6"]
[White "Doll, Alexander"]
[Black "Melde, Benjamin"]
[Result "0-1"]
[Termination "normal"]
[Board "8.1"]
[WhiteElo "2127"]
[BlackElo "2120"]
[WhiteClock "00:01:48"]
[BlackClock "00:03:31"]
[WhiteTeam "OSG Baden-Baden"]
[BlackTeam "Schachklub Turm Kleve 1974 e. V."]
[PlyCount "69"]
[WhiteFideId "16228294"]
[BlackFideId "12958816"]
[EventCountry "GER"]
[EventRounds "7"]
[EventType "team-swiss"]
[EventDate "2019.12.26"]

1. e4 {[%clk 1:30:57]} c5 {[%clk 1:30:54]} 2. c3 {[%clk 1:31:13]} Nf6 {[%clk
1:31:20]} 3. e5 {[%clk 1:31:40]} Nd5 {[%clk 1:31:46]} 4. Bc4 {[%clk 1:32:07]}
Nb6 {[%clk 1:32:11]} 5. Bb3 {[%clk 1:32:34]} d5 {[%clk 1:31:53]} 6. exd6 {[%clk
1:32:59]} Qxd6 {[%clk 1:32:09]} 7. Nf3 {[%clk 1:32:48]} c4 {[%clk 1:32:22]} 8.
Bc2 {[%clk 1:33:14]} Qe6+ {[%clk 1:32:48]} 9. Qe2 {[%clk 1:33:14]} Qxe2+ {[%clk
1:33:14]} 10. Kxe2 {[%clk 1:33:42]} Nc6 {[%clk 1:33:35]} 11. b3 {[%clk
1:33:28]} e5 {[%clk 1:29:46]} 12. Na3 {[%clk 1:26:44]} Be6 {[%clk 1:20:39]} 13.
Re1 {[%clk 1:07:16]} f6 {[%clk 1:04:31]} 14. Nxc4 {[%clk 0:54:29]} Nxc4 {[%clk
1:04:48]} 15. bxc4 {[%clk 0:54:57]} Bxc4+ {[%clk 1:05:10]} 16. d3 {[%clk
0:55:14]} Bd5 {[%clk 0:57:12]} 17. a4 {[%clk 0:52:00]} O-O-O {[%clk 0:56:40]}
18. Be3 {[%clk 0:51:38]} Bd6 {[%clk 0:41:43]} 19. Nd2 {[%clk 0:44:31]} Rhe8
{[%clk 0:39:38]} 20. Kf1 {[%clk 0:39:48]} Bc7 {[%clk 0:37:00]} 21. Ra3 {[%clk
0:35:52]} Bd6 {[%clk 0:36:03]} 22. Raa1 {[%clk 0:33:16]} Bc7 {[%clk 0:36:28]}
23. Ra3 {[%clk 0:33:37]} Bf7 {[%clk 0:35:58]} 24. f3 {[%clk 0:28:34]} Bd6
{[%clk 0:23:43]} 25. Raa1 {[%clk 0:28:42]} Bc7 {[%clk 0:24:08]} 26. Ra3 {[%clk
0:29:05]} Bd6 {[%clk 0:24:07]} 27. Raa1 {[%clk 0:29:31]} Bg6 {[%clk 0:24:33]}
28. Ne4 {[%clk 0:28:09]} Bc7 {[%clk 0:24:36]} 29. Ra3 {[%clk 0:26:17]} Ba5
{[%clk 0:10:04]} 30. Rb1 {[%clk 0:24:09]} f5 {[%clk 0:09:47]} 31. Nf2 {[%clk
0:19:54]} b6 {[%clk 0:09:44]} 32. f4 {[%clk 0:11:01]} Kb7 {[%clk 0:08:11]} 33.
g3 {[%clk 0:04:43]} Bf7 {[%clk 0:07:35]} 34. Bb3 {[%clk 0:01:48]} exf4 {[%clk
0:03:31]} 35. Rba1 0-1